| 000 | 00825nam a2200253 a 4500 | ||
|---|---|---|---|
| 001 | 13855 | ||
| 003 | BD-RjUL | ||
| 005 | 20211208235526.0 | ||
| 008 | 160622s1964 nyua b 000 0 eng | ||
| 035 | _a(BD-RjUL)13907 | ||
| 040 |
_aDLC _cDLC _dDLC _dBD-RjUL _beng |
||
| 041 | _aeng | ||
| 082 | 0 | 0 |
_223 _a621.3815 _bANE 1964 |
| 100 | 1 |
_aAngelo, E. J. _943315 |
|
| 245 | 1 | 0 |
_aElectronic circuits : _bA unified treatment of vacuum tubes and transistors / _cE. J. Angelo. |
| 250 | _a2d ed. | ||
| 260 |
_aNew York : _bMcGraw-Hill, _cc1964. |
||
| 300 |
_axvi, 652 p. : _bill. ; _c25 cm. |
||
| 490 | 0 | _aMcGraw-Hill electrical and electronic engineering series. | |
| 500 | _aIncludes index | ||
| 650 | 0 |
_aElectronic circuits. _938587 |
|
| 830 |
_aMcGraw-Hill electrical and electronic engineering series. _9117899 |
||
| 942 |
_2ddc _cBK |
||
| 999 |
_c13855 _d13855 |
||